| 000 | 00618nam a2200205Ia 4500 | ||
|---|---|---|---|
| 005 | 20250923144630.0 | ||
| 008 | 008 250917s9999 xx 000 0 eng d | ||
| 037 | _aTextual | ||
| 040 |
_aDSWL _beng _cDSWL |
||
| 041 |
_aeng _2eng |
||
| 084 |
_aY:81.1.N5j, J6 _qDSWL |
||
| 100 |
_aUnited, Nations _9826829 |
||
| 245 | 0 |
_aHousing through non profit organizations _cby United Nations |
|
| 260 |
_aNew York _bU.N. Department of Economic & Social Affairs _c1956 |
||
| 300 | _aiii,121p. | ||
| 365 |
_aINR _b9 |
||
| 925 | _g9 | ||
| 942 |
_cTEXL _hY:81.1.N5j, J6 |
||
| 999 |
_c1441425 _d1441425 |
||